Country Music Artists Most Streamed Songs as of 2025 - Statistics

General Stats
  • This quiz has been taken 81 times
  • The average score is 5 of 23
Answer Stats
Artist streams song % Correct
Zach Bryan 621M Something in the Orange
61%
Morgan Wallen 1.2B Last Night
56%
Chris stapleton 1.1B Tennessee Whiskey
51%
Tyler Childers 552.3M Feathered Indians
47%
Dolly Parton 779M Jolene
41%
George Strait 295.1M Check Yes or No
29%
Carrie Underwood 685.5M Before he Cheats
27%
Toby Keith 332.7M Should've Been A Cowboy
24%
Randy Travis 311M Forever and Ever, Amen
22%
Luke Bryan 555.2M Country Girl
19%
Cody Johnson 308.2M Til You Can't
19%
Jake Owen 398.1M Barefoot Blue Jean Night
17%
Billy Currington 303.2M Good Direction
17%
Jon Pardi 473.7M Head Over Boots
15%
Luke Combs 1B When it Rains it Pours
15%
Blake Shelton 402.5M God's Country
12%
Faith Hill 197.1M This Kiss
12%
Tim Mcgraw 266.5M Humble and Kind
5%
Alan Jackson 325.7M It's Five O'clock Somewhere
5%
Willie Nelson 224.4M Beer For My Horses
3%
Lainey Wilson 205.3M Things a Man Oughta Know
2%
Miranda Lambert 221.4M Drunk (and I Don't Wanna Go Home)
0%
Waylon Jennings 98M Good Hearted Woman
0%
No matching quizzes found
Score Distribution
Percent of People with Each Score
Percentile by Number Answered
Your Score History
You have not taken this quiz